Život emancipovaných žien

Bibliographic Details
Main Authors: (Author), Dvořáková, Helena, 1943- (Author)
Format: Article
Language:Slovak
Subjects:

MARC

LEADER 00000nab a2200000 a 4500
001 vtls000326580
003 SK-MaSNL
005 20260304000107.0
008 160215c1988 xo 0 slo
015 |a SNBRB19rr/mm-uuuuu 
035 |a CL0326702 
040 |a SNKBUCL  |b slo  |c SNKBUCL  |e AACR2 
041 0 |a slo 
044 |a xo  |c SK 
080 |a 82.09:885.4-3(048)  |2 1981 
080 |a 885.4-3(048)  |2 1981 
100 1 |a LČ  |4 aut  |9 838489 
245 1 0 |a Život emancipovaných žien  |c LČ 
650 0 7 |a romány psychologické  |2 snkbucl  |9 653970 
650 0 7 |a novely o ženách  |2 snkbucl  |9 743334 
655 7 |a články z novín a časopisov  |2 snkbucl  |9 267496 
655 7 |a články z odboru literárna veda a krásna literatúra  |2 snkbucl  |9 770045 
700 1 |a Dvořáková, Helena,  |d 1943-  |4 aut  |9 105433 
773 0 |t Nové knihy  |g Č. 26 (1988), s. /1/ 
787 0 8 |i Rec.:  |a Dvořáková, Helena  |t Núdzové priznanie  |d Bratislava : Slovenský spisovateľ, 1988 
850 |a Slovenská národná knižnica v Martine  |a MTA001 
852 |a SNK  |b KIS3GCP 
958 |a BX 
958 |a RK 
958 |a LX 
992 |a RBX 
999 |c 2529421  |d 2531351